| 000 | 00500nam a22001697a 4500 | ||
|---|---|---|---|
| 008 | 100307s2005 ii|||||r|||| 001 0 eng d | ||
| 020 | _a8123912145 | ||
| 082 |
_222 _a616.01 _bARO |
||
| 100 |
_912326 _aArora, D. R. |
||
| 245 |
_aMicrobiology for Nurses & Allied Sciences/ _cD. R. Arora & B. Arora |
||
| 260 |
_aNew Delhi: _bCBS, 2005 _c2005 |
||
| 300 |
_a260p.: _bill.; _c23 cm. |
||
| 500 | _aIncludes index | ||
| 650 |
_912324 _aMedical microbiology |
||
| 700 |
_912325 _aArora, B. |
||
| 942 |
_2ddc _cNRB |
||
| 999 |
_c13601 _d13601 |
||